Georgetown journal of international law

Enregistré dans:
Détails bibliographiques
Format: Publication en série
Langue:anglais
Publié: Washington Georgetown University Law Center
Sujets:
Tags: Ajouter un tag
Pas de tags, Soyez le premier à ajouter un tag!

MARC

LEADER 00000nas1a2200000$$$4500
001 0008960
005 20250623144949.7
022 |a 1550-5200 
041 0 |a eng 
044 |a US 
245 1 0 |a Georgetown journal of international law 
264 1 |a Washington  |b Georgetown University Law Center 
500 |a Do 31.12.2002 vychádzal pod názvom: Law and policy in international business 
610 2 0 |a právo 
610 2 0 |a právo obchodné 
610 2 0 |a politika 
610 2 0 |a obchod medzinárodný